| 000 | 00589nam a2200193 a 4500 | ||
|---|---|---|---|
| 001 | 001165028 | ||
| 003 | AM-YeHGA | ||
| 005 | 20250617152521.0 | ||
| 008 | 160719s1952 ||| r 000 0 rus d | ||
| 040 | _aAM-YeHGA | ||
| 041 | 0 | _arus | |
| 245 | 0 | 0 |
_aСтихи о мире / _cРед. Л.В. Михель. |
| 260 |
_aКалуга : _bЗнамя, _c1952. |
||
| 300 | _a48 с. | ||
| 440 | 0 | _aКалужское обл. литературное объеденение | |
| 653 | 0 | _aРусская литература | |
| 700 | 1 |
_aМихель, Л.В. _eред. _4edt |
|
| 090 | _c374123 | ||
| 999 |
_c372243 _d372243 |
||